000 01132cab a22002055a 4500
001 L141547
008 071130e20071103xxk f 000 0 eng d
035 _a(Sirsi) u141547
041 0 _aeng
100 1 _aCarter, John
245 0 0 _aThis may be too hot to handle
260 _c2007
490 _aEstates Gazette
_v(0744) 3 November 2007, 178(1)
520 _aIdentifies significant changes in the sixth edition of the RICS Code of measuring practice. Notes that net internal space will now be reduced by heating units which protrude into a room by more than 25cm. This means rent levels agreed at previous rent reviews may now be inappropriate. Argues that the change is logical in the light of case law such as Kilmartin v Safeway (L133093). Calculates that there are potentially significant changes in terms of capital value. Considers further implications of the code and whether the Valuation Office Agency's code may be modified to follow RICS' example.
590 _aKA
650 2 4 _aRICS CODE OF MEASURING PRACTICE
651 4 _aUnited Kingdom
_y
690 _aPROPERTY-PROPERTY APPRAISAL AND VALUATION
942 _n0
999 _c79519
_d79519